书目信息 |
| 题名: |
字体设计
|
|
| 作者: | 胡卫军 编著 | |
| 分册: | ||
| 出版信息: | 北京 清华大学出版社 2017 |
|
| 页数: | x, 260页 | |
| 开本: | 21cm | |
| 丛书名: | ||
| 单 册: | ||
| 中图分类: | J292.13 , J293 | |
| 科图分类: | ||
| 主题词: | 美术字--mei shu zi--字体--设计 | |
| 电子资源: | ||
| ISBN: | 978-7-302-47071-7 | |
| 000 | 01051nam0 2200277 450 | |
| 001 | 012017000056 | |
| 005 | 20180111091218.93 | |
| 010 | @a978-7-302-47071-7@b@dCNY69.80 | |
| 100 | @a20170620d2017 em y0chiy0121 ea | |
| 101 | 0 | @achi |
| 102 | @aCN@b110000 | |
| 105 | @aa z 000yy | |
| 106 | @ar | |
| 200 | 1 | @a字体设计@Azi ti she ji@d= Font design@e设计师必备宝典@f胡卫军编著@g@zeng |
| 210 | @a北京@c清华大学出版社@d2017 | |
| 215 | @ax, 260页@c彩图@d21cm | |
| 330 | @a本书根据字体设计的基本功能和应用特色, 本书分为字体设计要素、字体设计的分类、字体设计的原则、字体设计的创意、字体设计的意象5章。每一章都有字体设计知识导读, 帮助读者掌握字体设计的基础知识; 每一章都通过精美的商业设计案例展示该章内容, 并进行详细的分析和讲解。 | |
| 510 | 1 | @aFont design@zeng |
| 517 | 1 | @a设计师必备宝典@Ashe ji shi bi bei bao dian |
| 606 | 0 | @a美术字@Amei shu zi@x字体@x设计 |
| 690 | @aJ292.13@v5 | |
| 690 | @aJ293@v5 | |
| 701 | 0 | @a胡卫军@Ahu wei jun@4编著 |
| 801 | 0 | @aCN@b湖北三新@c20170922@g |
| 905 | @aBZT@dJ292.13@e4 | |
| 906 | @dCNY69.80@n5@r1 | |
| 字体设计= Font design:设计师必备宝典/胡卫军编著.-北京:清华大学出版社,2017 |
| x, 260页:彩图;21cm |
| ISBN 978-7-302-47071-7:CNY69.80 |
| 本书根据字体设计的基本功能和应用特色, 本书分为字体设计要素、字体设计的分类、字体设计的原则、字体设计的创意、字体设计的意象5章。每一章都有字体设计知识导读, 帮助读者掌握字体设计的基础知识; 每一章都通过精美的商业设计案例展示该章内容, 并进行详细的分析和讲解。 |
| ● |
| 相关链接 |
|
|
|
正题名:字体设计
索取号:J292.13/4
 
预约/预借
| 序号 | 登录号 | 条形码 | 馆藏地/架位号 | 状态 | 备注 |
| 1 | 842325 | 2000842325 | 第二书库/ [索取号:J292.13/4] | 在馆 | |
| 2 | 842326 | 2000842326 | 第二书库/ [索取号:J292.13/4] | 在馆 | |
| 3 | 842327 | 2000842327 | 第二书库/ [索取号:J292.13/4] | 在馆 | |
| 4 | 842328 | 2000842328 | 第二书库/ [索取号:J292.13/4] | 在馆 | |
| 5 | 842329 | 2000842329 | 第二书库/ [索取号:J292.13/4] | 在馆 |